Vật lí đại cương; T4 Quang học

Gardado en:
Detalles Bibliográficos
Autor Principal: Ngô Quốc Quýnh
Formato: Libro
Idioma:Undetermined
Publicado: Hà Nội ĐH và THCN 1972
Những chủ đề:
Các nhãn: Engadir etiqueta
Sen Etiquetas, Sexa o primeiro en etiquetar este rexistro!
Thư viện lưu trữ: Trung tâm Học liệu Trường Đại học Cần Thơ
LEADER 00516nam a2200193Ia 4500
001 CTU_2584
008 210402s9999 xx 000 0 und d
082 |a 535 
082 |b Qu106/T4 
100 |a Ngô Quốc Quýnh 
245 0 |a Vật lí đại cương; T4 
245 0 |b Quang học 
245 0 |c Ngô Quốc Quýnh 
260 |a Hà Nội 
260 |b ĐH và THCN 
260 |c 1972 
650 |a optics 
904 |i Minh, 960827 
980 |a Trung tâm Học liệu Trường Đại học Cần Thơ